000 00280nam a22000977a 4500
008 230607b |||||||| |||| 00| 0 eng d
020 _a9780062413406
100 _aCLARK DUNCAN
_97678
245 _aALIBABA (THE HOUSE THAT JACK MA BUILT)
260 _aINDIA
_bTHOMAS PRESS INDIA LTD
_c2016
999 _c12310
_d12310